| 000 | 02677nam a2200241Ia 4500 | ||
|---|---|---|---|
| 003 | Ost | ||
| 005 | 20260507074942.0 | ||
| 008 | 260507s9999||||xx |||||||||||||| ||und|| | ||
| 040 | _cfsecg | ||
| 041 | _aara | ||
| 082 | _a338.5 | ||
| 100 |
_aخلف، فليح حسن _eمؤلف |
||
| 245 | 0 |
_aالاقتصاد الجزئي / _c فليح حسن خلف |
|
| 260 |
_aعمان: _bعالم الكتب الحديث, _c2007 |
||
| 300 |
_a481 صفحة؛ _bإيضاحات ؛ _c24 سم |
||
| 504 | _aبيبليوغرافيا ص. 476 | ||
| 520 | _a المقدمة-الفصل الأول : بعض المفاهيم الأساسية : ماهية علم الاقتصاد-الفصل الثاني : المشكلة الاقتصادية والنظم الاقتصادية ومعالجتها : ماهية المشكلة الاقتصادية-الفصل الثالث : الطلب : ماهية الطلب وأهميته : قانون الطلب : العوامل الأخرى المؤثرة على الطلب-الفصل الرابع : مرونة الطلب : ماهية مرونة الطلب وقياسها وأهميتها : أشكال مرونة الطلب-الفصل الخامس : العرض : ماهية العرض وأهميته : قانون العرض : العوامل الأخرى المؤثرة على العرض-الفصل السادس : مرونة العرض : ماهية مرونة العرض وقياسها وأهميتها-الفصل السابع : توازن العرض والطلب : توازن العرض والطلب من خلال السعر-الفصل الثامن : نظرية سلوك المستهلك تحليل المنفعة الحدية : ماهية نظرية سلوك المستهلك-الفصل التاسع : النظرية الحدية لسلوك المستهلك تحليل منحنيات السواء-الفصل العاشر : الإنتاج : أهمية الإنتاج وماهيته : دالة الإنتاج-الفصل الحادي عشر : تكاليف الإنتاج-الفصل الثاني عشر : سوق المنافسة التامة-الفصل الثالث عشر : سوق الاحتكار التام-الفصل الرابع عشر : سوق احتكار القلة-الفصل الخامس عشر : سوق المنافسة الاحتكارية-الفصل السادس عشر : نظرية التوزيع-الفصل السابع عشر : الأجور-الفصل الثامن عشر : الفائدة-الفصل التاسع عشر : الريع-الفصل العشرون : الربح | ||
| 653 | _aاقتصاد جزئي | ||
| 653 | _aاقتصاد مالي | ||
| 653 | _aعلم الاقتصاد | ||
| 653 | _aنظرية اقتصادية | ||
| 942 | _cكتاب | ||
| 999 |
_c41942 _d41942 |
||